| 000 | 00475nam a2200181Ia 4500 | ||
|---|---|---|---|
| 003 | OSt | ||
| 005 | 20191223111641.0 | ||
| 008 | 190216s9999||||xx |||||||||||||| ||und|| | ||
| 040 | _coclc | ||
| 082 |
_a336 _bLEK/P |
||
| 100 |
_aLekhi, R K _9591 |
||
| 245 | 0 |
_aPublic Finance / _cR K Lekhi |
|
| 250 | _a9th ed. | ||
| 260 |
_bKalyani Publishers, _c2001. _aDelhi: |
||
| 300 | _a1028p | ||
| 650 | _aEconomics | ||
| 942 |
_cBK _2ddc _h336 _iLEK/P _k336 _mLEK/P |
||
| 999 |
_c10571 _d10571 |
||